[Event "Sao Bernardo LXSBC 2nd fin-C"]
[Site "Sao Bernardo do Campo"]
[Date "2011.01.23"]
[Round "3.4"]
[White "Heinrichs, Vivian"]
[Black "Silva, Jose Roberto Da"]
[Result "1-0"]
[WhiteElo "1889"]
[BlackElo "1804"]
[PlyCount "67"]
[EventDate "2011.01.22"]
[EventType "tourn"]
[EventRounds "10"]
[EventCountry "BRA"]
[SourceTitle "EXT 2022"]
[Source "ChessBase"]
[SourceDate "2021.10.06"]
[SourceVersion "1"]
[SourceVersionDate "2021.10.06"]
[SourceQuality "1"]

1. e4 c5 2. Nc3 Nc6 3. f4 e6 4. Nf3 g6 5. Bb5 Bg7 6. Bxc6 bxc6 7. e5 a6 8. Ne4 Bf8 9. b3 f5 10. Nc3 Ne7 11. Ba3 Nd5 12. Nxd5 cxd5 13. Qe2 Qa5 14. Bb2 Qb4 15. 0-0 Qe4 16. Qxe4 dxe4 17. Ne1 a5 18. c4 a4 19. Nc2 Be7 20. Ne3 Kf7 21. Bc3 Bb7 22. Rfb1 Rhb8 23. bxa4 Rxa4 24. Rb5 Ke8 25. Rab1 Ra7 26. a4 d6 27. a5 d5 28. cxd5 exd5 29. Nxd5 Bxd5 30. Rxb8+ Kf7 31. Rh8 Kg7 32. Rbb8 Rb7 33. e6+ Kh6 34. Rxh7+ 1-0

[Event "Sao Bernardo LXSBC 2nd fin-C"]
[Site "Sao Bernardo do Campo"]
[Date "2011.01.22"]
[Round "1.3"]
[White "Caporale, Giuseppe Guido"]
[Black "Silva, Jose Roberto Da"]
[Result "1-0"]
[WhiteElo "1734"]
[BlackElo "1804"]
[PlyCount "57"]
[EventDate "2011.01.22"]
[EventType "tourn"]
[EventRounds "10"]
[EventCountry "BRA"]
[SourceTitle "EXT 2022"]
[Source "ChessBase"]
[SourceDate "2021.10.06"]
[SourceVersion "1"]
[SourceVersionDate "2021.10.06"]
[SourceQuality "1"]

1. e4 c5 2. a3 Nc6 3. b4 cxb4 4. axb4 Nxb4 5. d4 d5 6. c3 Nc6 7. exd5 Qxd5 8. Na3 a6 9. Nf3 Bg4 10. Be2 Nf6 11. c4 Qd6 12. Nc2 g6 13. 0-0 Bg7 14. Ba3 Qd7 15. d5 Bxf3 16. Bxf3 Ne5 17. Re1 Ng8 18. Be2 Nh6 19. f4 Neg4 20. Bxg4 Qxg4 21. Qxg4 Nxg4 22. Rxe7+ Kd8 23. Rb1 h5 24. Rxf7 Bh6 25. h3 Re8 26. hxg4 Re2 27. Nd4 Re4 28. Ne6+ Kc8 29. gxh5 1-0